Normal view MARC view

Entry Personal Name

Number of records used in: 2

001 - CONTROL NUMBER

  • control field: 86599

003 - CONTROL NUMBER IDENTIFIER

  • control field: dpl

005 - DATE AND TIME OF LATEST TRANSACTION

  • control field: 20260119171647.0

008 - FIXED-LENGTH DATA ELEMENTS

  • fixed length control field: 260119|| aca||aabn | a|a d

040 ## - CATALOGING SOURCE

  • Original cataloging agency: dpl
  • Transcribing agency: dpl

100 ## - HEADING--PERSONAL NAME

  • Personal name: वेल्सर, हाईस वरनर

670 ## - SOURCE DATA FOUND

  • Source citation: Work cat.: (dpl)214285: वैश्विक गाँव-प्रवासी पांव एक माया ? , 2025

© Delhi Public Library
Hit Counter
free hit counter